Представление документа в формате MARC21

ПолеНазваниеЗначение
  Тип записи a
  Библиографический уровень m
001 Контрольный номер RU/URAIT/587898
005 Дата корректировки 20260429163626.8
008 Кодируемые данные 260429s2026 RU y f j 000 0 rus u
020 Индекс ISBN __
a ISBN 978-5-534-12374-6
c Цена, тираж 489.00
040 Источник каталогиз. __
a Служба первич. каталог. ИКО Юрайт
c Служба, преобразующая запись ИКО Юрайт
e Правила каталог. RCR
041 Код языка издания __
a Код языка текста rus
044 Код страны публикации __
a Код страны публикации RU
080 Индекс УДК __
a Индекс УДК 340.12(075.8)
084 Индекс другой классификации/Индекс ББК __
2 Источник индекса rubbk
a Индекс другой классификации/Индекс ББК 67.0я73
100 Автор __
a Автор Протасов В. Н.
q Полное имя Протасов Валерий Николаевич
245 Заглавие __
a Заглавие Теория юридической процедуры
b Продолж. заглавия учебник для вузов
c Ответственность В. Н. Протасов.
250 Сведения об издании __
a Основные сведения об издании 2-е изд.
256 Характеристики компьютерного файла __
a Характеристики компьютерного файла Электрон. дан.
260 Выходные данные __
a Место издания Москва
b Издательство Юрайт
c Дата издания 2026
300 Физическое описание __
a Объем 105 с
440 Серия __
a Серия Высшее образование
500 Примечания __
a Примечание URL: https://urait.ru/bcode/587898 (дата обращения: 29.04.2026).
520 Аннотация __
a Аннотация Курс содержит положения общей теории юридической процедуры, знание которых необходимо современным юристам как в сфере учебной и научной деятельности, так и на практике (законодательной и правореализующей). Информационное содержание курса четко структурировано, учебный материал ясно и последовательно изложен. Курс отличает информационная насыщенность, аргументированность теоретических выводов, точность и краткость формулировок. Курс снабжено дополнительными методическими материалами. Соответствует актуальным требованиям Федерального государственного образовательного стандарта высшего образования. Адресовано студентам-юристам различных форм обучения и направлений (специалитет, бакалавриат, магистратура). Курс может быть полезен аспирантам и преподавателям, а также всем интересующимся юридической процедурой.
538 Прим. о системных особенностях __
a Прим. о системных особенностях Режим доступа: Электронно-библиотечная система Юрайт, для авториз. пользователей
653 Ключевые слова __
a Ключевые слова Основы государства и права. Теория государства и права
653 Ключевые слова __
a Ключевые слова Юридические науки
653 Ключевые слова __
a Ключевые слова Теория юридической процедуры
856 Электронный адрес документа 40
n Местонахождение сервера Юрайт
g Электронная книга
q Тип электронного формата html
h Имя пользователя ЮРАЙТ
v Часы доступа к ресурсу 20271231
2 Способ доступа Показать документ
x Служебное примечание https://urait.ru/book/cover/64DD4F08-58C8-49E5-9DF5-52001787D444
u URL https://urait.ru/bcode/587898
856 Электронный адрес документа 48
q Тип электронного формата cover
u URL https://urait.ru/book/cover/64DD4F08-58C8-49E5-9DF5-52001787D444
911 __
u 0030=https://urait.ru/bcode/587898
911 __
u 073a=9785534123746
u 073d=489.00
911 __
u 106a=s
911 __
u 900l=
952 Тип литературы __
i Дисциплина Теория юридической процедуры